000
00325nam a22001457a 4500
020
_a
81-219-0342-4
082
_a
510
_b
RAY/T
100
_a
RAY, M
100
_a
SHARMA, G.C
245
_a
A TEXTBOOK ON DYNAMICS
260
_a
DELHI
_b
S.CHAND & COMPANY
_c
2002
300
_a
327
650
_a
MATHS REFERENCE
_z
INDIA
942
_c
BK
999
_c
1277
_d
1277